Statistics for DC League of Super-Pets Quiz (SPOILERS)

Click here to take the quiz!

General Stats

  • This quiz has been taken 26 times
  • The average score is 12 of 20

Answer Stats

ActorRole% Correct
John KrasinskiSuperman
88%
Keanu ReevesBatman
82%
Daveed DiggsCyborg
82%
Dwayne JohnsonKrypto
82%
Jameela JamilWonder Woman
82%
Jemaine ClementAquaman
76%
Dascha PolancoGreen Lantern
76%
John EarlyFlash
71%
Kevin HartAce
65%
Marc MaronLex Luthor
59%
Dwayne JohnsonBlack Adam
53%
Diego LunaChip
47%
Ben SchwartzKeith
47%
Olivia WildeLois Lane
47%
Kate McKinnonLulu
47%
Natasha LyonneMerton
47%
Thomas MiddleditchMark
41%
Vanessa BayerPB
35%
Dwayne JohnsonAnubis
29%
Maya ErskineMercy Graves
29%

Score Distribution

Percentile by Number Answered

Percent of People with Each Score

Your Score History

You have not taken this quiz